[Event "Mistrovstvi Cech 2019 - HD16"]
[Site "Prichovice u Korenova"]
[Date "2019.10.28"]
[Round "3"]
[White "Bartos, Vaclav"]
[Black "Skypala, Ondrej"]
[Result "1/2-1/2"]
[WhiteElo "1921"]
[BlackElo "2016"]
[EventDate "2019.10.26"]

1. d4  Nf6  2. c4  g6
3. Nc3  Bg7  4. e4
d6  5. Nf3  O-O
6. Be2  e5  7. d5  Nbd7
8. Bg5  h6  9. Be3
Nc5  10. Nd2  a5
11. h4  Qe7  12. Qc2
Ng4  13. Bxg4  Bxg4
14. f3  Bd7  15. h5
g5  16. g4  Rfb8
17. Kf2  b5  18. cxb5
Bxb5  19. Bxc5  dxc5
20. Nxb5  Rxb5  21. Nc4
Bf8  22. b3  Qf6
23. Rad1  Bd6  24. Kg2
Qd8  25. Rb1  Ra7
26. Rb2  Rab7  27. Qc3
Ra7  28. Rc1  f6
29. Qd3  Qb8  30. Qb1
Qa8  31. a4  Rb4
32. Na3  Rab7  33. Nb5
Qe8  1/2-1/2

[Event "Mistrovstvi Cech 2019 - HD16"]
[Site "Prichovice u Korenova"]
[Date "2019.10.28"]
[Round "3"]
[White "Brozka, Karel"]
[Black "Hejsek, Lukas"]
[Result "1/2-1/2"]
[WhiteElo "1940"]
[BlackElo "1887"]
[EventDate "2019.10.26"]

1. d4  Nf6  2. Nf3  g6
3. g3  Bg7  4. Bg2
c5  5. d5  d6
6. a4  O-O  7. O-O  e6
8. dxe6  fxe6  9. c4
d5  10. cxd5  exd5
11. Bg5  Be6  12. Ne5
Nc6  13. Nd3  Qd6
14. Nd2  Bf7  15. Rc1
b6  16. Nf4  Rad8
17. e3  Rfe8  18. Qf3
Ne5  19. Qe2  h6
20. Bxf6  Qxf6  21. e4
d4  22. Nd3  Nxd3
23. Qxd3  h5  24. f4
Bh6  25. h4  Re7
26. b3  Rde8  27. Rce1
Rb8  28. e5  Qf5
29. Be4  Qg4  30. Nc4
Bxc4  31. bxc4  Rf8
32. Bg2  Kg7  33. Re4
Qd7  34. Re2  Qg4
35. Kh2  Qd7  36. Bh3
Qxa4  37. f5  gxf5
38. Rxf5  Qe8  39. e6
Qg6  40. Qf3  Rxf5
41. Bxf5  Qe8  42. g4
Qb8+  43. Kh3  Qf4
44. Qd5  Qf1+  45. Rg2
Qh1+  46. Kg3  Qe1+
47. Kh3  Qh1+  48. Kg3
Qe1+  49. Kh3  1/2-1/2

[Event "Mistrovstvi Cech 2019 - HD16"]
[Site "Prichovice u Korenova"]
[Date "2019.10.28"]
[Round "3"]
[White "Langmajer, Jan"]
[Black "Hosnedl, Matyas"]
[Result "1-0"]
[WhiteElo "1615"]
[BlackElo "1930"]
[EventDate "2019.10.26"]

1. e4  e6  2. d4  d5
3. Nd2  a6  4. c3
c5  5. Bd3  cxd4
6. cxd4  dxe4  7. Nxe4
Bb4+  8. Kf1  Nc6
9. Nf3  Nge7  10. Bg5
O-O  11. Nf6+  gxf6
12. Bxf6  Nxd4  13. Ne5
Ng6  14. Bxd8  Rxd8
15. Qg4  f5  16. Qg5
Be7  17. Qe3  Nxe5
18. Qxe5  Kf7  19. Be2
Nxe2  20. Kxe2  Rd5
21. Qg3  Bd7  22. a4
Rc8  23. Rac1  Rxc1
24. Rxc1  Bxa4  25. Rc7
Bb5+  26. Ke1  Rd7
27. Rxd7  Bxd7  28. Qe5
Bc6  29. Qh8  Bxg2
30. Qxh7+  Kf8  31. Qh8+
Kf7  32. Qh5+  Kf8
33. f3  Bf6  34. b3
Be5  35. Kf2  1-0

[Event "Mistrovstvi Cech 2019 - HD16"]
[Site "Prichovice u Korenova"]
[Date "2019.10.28"]
[Round "3"]
[White "Hurtik, Matej"]
[Black "Habenicht, Martin"]
[Result "0-1"]
[WhiteElo "1924"]
[BlackElo "1839"]
[EventDate "2019.10.26"]

1. e4  c5  2. Nf3  Nc6
3. d4  cxd4  4. Nxd4
e5  5. Nb5  d6
6. N1c3  a6  7. Na3  Nf6
8. Bg5  Be7  9. Nc4
Be6  10. Bxf6  gxf6
11. Ne3  Rc8  12. Bd3
Nb4  13. Ncd5  Nxd5
14. exd5  Qa5+  15. Qd2
Qxd2+  16. Kxd2  Bd7
17. a4  a5  18. g4
Bf8  19. Ke2  Rc5
20. Ra3  Bh6  21. Nc4
Ke7  22. f3  Rxd5
23. Rb3  Bc6  24. Rd1
Rc5  25. Ne3  Bxe3
26. Kxe3  h5  27. h3
hxg4  28. hxg4  Rh3
29. Rf1  d5  30. Bf5
d4+  31. Kd2  Rh2+
32. Kd1  Rc4  33. Ra3
Rxa4  34. Rxa4  Bxa4
35. Kc1  Bb5  36. Rg1
Bd7  37. Bd3  Bc6
38. f4  Rh1  39. Rxh1
Bxh1  40. Kd2  Kd6
41. c3  Kc5  42. Be2
e4  43. g5  fxg5
44. fxg5  Bf3  45. Bf1
dxc3+  46. Kxc3  b5
47. Kd2  a4  48. Bh3
b4  49. Bf5  a3
50. bxa3  bxa3  51. g6  fxg6
52. Be6  e3+  0-1

[Event "Mistrovstvi Cech 2019 - HD16"]
[Site "Prichovice u Korenova"]
[Date "2019.10.28"]
[Round "3"]
[White "Kacirek, Jakub"]
[Black "Jares, Michal"]
[Result "0-1"]
[WhiteElo "1532"]
[BlackElo "1922"]
[EventDate "2019.10.26"]

1. Nf3  c5  2. b3  Nf6
3. Bb2  g6  4. e3
Bg7  5. Be2  O-O
6. O-O  d5  7. c4
d4  8. exd4  Nh5
9. Ne5  cxd4  10. Bxh5
Bxe5  11. Bf3  Nc6
12. d3  Bf5  13. Re1
Bg7  14. a3  a5
15. Qe2  Re8  16. Be4  Bxe4
17. Qxe4  e5  18. Nd2
f5  19. Qf3  Qd6
20. Rac1  Rad8  21. c5
Qd5  22. Qxd5+  Rxd5
23. f4  Bf8  24. fxe5
Rexe5  25. Nf3  Rxe1+
26. Rxe1 Rxc5  27. Nxd4  Nxd4
28. Bxd4  Rd5 29. Bb6 Rxd3  30.
Re8  Kf7  31. Rb8  Rxb3
32. Rxb7+  Kg8  33. Rb8
Rxb6  0-1

[Event "Mistrovstvi Cech 2019 - HD16"]
[Site "Prichovice u Korenova"]
[Date "2019.10.28"]
[Round "3"]
[White "Jirousek, Jan"]
[Black "Popovsky, Ondrej"]
[Result "1-0"]
[WhiteElo "2034"]
[BlackElo "1690"]
[EventDate "2019.10.26"]

1. d4  d5  2. Nf3  Nf6
3. c4  c6  4. Nc3
e6  5. Bg5  Be7
6. e3  Nbd7  7. Bd3  dxc4
8. Bxc4  b5  9. Bd3
Bb7  10. a3  a6
11. O-O  c5  12. Rc1  O-O
13. Bb1  Rc8  14. Qd3
b4  15. axb4  cxb4
16. Ne2  Qa5  17. Ng3
Bc6  18. Rxc6  Rxc6
19. Ne5  Rd6  20. Nxd7
Rxd7  21. Bxf6  g6
22. Ne4  Rc8  23. Bxe7
Rxe7  24. Nc5  e5
25. Nb3  Qb6  26. dxe5
Rxe5  27. Qd4  Qb8
28. Rd1  a5  29. Qf4
Qc7  30. g3  a4
31. Rc1  Qxc1+  32. Nxc1  Rxc1+
33. Kg2  Rb5  34. Bd3
Rb7  35. Ba6  Rb6
36. Bc4  Rb7  37. Bd5
Rd7  38. e4  Rc8
39. Qd2  Rb8  40. Qc1
Kg7  41. Qc6  Ra7
42. Qc5  Rd7  43. Bc6
Rc8  44. Qb5  Rdc7
45. Bd7  Rc5  46. Qxb4
Rc4  47. Qb6  R8c7
48. Bxa4  Re7  49. Bb3
Rcxe4  50. Bd5  R4e5
51. Qd4  f6  52. Bf3
Rb5  53. b4  Rb8
54. Bc6  Kf7  55. b5
Rc7  56. Qd6  Rcc8
57. Qd7+  Kg8  58. Qe6+
Kg7  59. Qe7+  Kh6
60. Qxf6  Rf8  61. Qh4+
Kg7  62. Qe7+  Kh6
63. h4  Rg8  64. g4
Rbf8  65. g5+  Kh5
66. Kg3  1-0

[Event "Mistrovstvi Cech 2019 - HD16"]
[Site "Prichovice u Korenova"]
[Date "2019.10.28"]
[Round "3"]
[White "Macok, Martin"]
[Black "Hofman, Krystof"]
[Result "0-1"]
[WhiteElo "1583"]
[BlackElo "2089"]
[EventDate "2019.10.26"]

1. h4  d5  2. a4  c5
3. Nf3  Nc6  4. d3
Nf6  5. Nbd2  Bf5
6. c4  d4  7. g3
e5  8. Bh3  Bxh3
9. Rxh3  Qd7  10. Rh1 O-O-O 11.
Ng5  h6  12. Nge4  Nxe4
13. Nxe4  f5  14. Nd2
Bd6  15. Nb3  Rhe8
16. e3  Bf8  17. Rg1
e4  0-1

[Event "Mistrovstvi Cech 2019 - HD16"]
[Site "Prichovice u Korenova"]
[Date "2019.10.28"]
[Round "3"]
[White "Zdechovsky, Tobias"]
[Black "Ret, Adam Josef"]
[Result "1/2-1/2"]
[WhiteElo "1782"]
[BlackElo "2047"]
[EventDate "2019.10.26"]

1. c4  c5  2. Nc3  Nf6
3. g3  Nc6  4. Bg2
e5  5. d3  d6
6. e4  Be7  7. Nge2  Nd7
8. O-O  Nf8  9. Nd5
Ne6  10. Be3  Ned4
11. Nxd4  Nxd4  12. f4
f6  13. f5  Bd7
14. Qh5+  Kf8  15. Rf2  Be8
16. Qd1  h5  17. Qd2
Bf7  18. h3  Ke8
19. g4  Bxd5  20. cxd5
hxg4  21. hxg4  Kd7
22. Bxd4  exd4  23. Qf4
b5  24. a4  a6
25. Bf3  Qb6 1/2-1/2

[Event "Mistrovstvi Cech 2019 - HD16"]
[Site "Prichovice u Korenova"]
[Date "2019.10.28"]
[Round "3"]
[White "Krizek, Krystof"]
[Black "Husa, Daniel"]
[Result "1/2-1/2"]
[WhiteElo "1980"]
[BlackElo "1832"]
[EventDate "2019.10.26"]

1. e4  c5  2. Nf3  e6
3. d4  cxd4  4. Nxd4
Nf6  5. Nc3  Nc6
6. Ndb5  Bb4  7. a3
Bxc3+  8. Nxc3  d5
9. exd5  exd5  10. Bd3
O-O  11. O-O  d4
12. Ne2  Bg4  13. f3
Bh5  14. Bg5  Qd6
15. Bh4  Bg6  16. Bf2
Rad8  17. Bxg6  hxg6
18. Qd2  Rd7  19. Rad1
Rfd8  20. Qc1  Qc7
21. b4  a6  22. Rd3
Rc8  23. Rd2  Qe5
24. Re1  Qf5  25. Bxd4
Nxd4  26. Nxd4  Qf4
27. c3  Nd5  28. g3
Qf6  29. Rc2  Nxc3
1/2-1/2

[Event "Mistrovstvi Cech 2019 - HD16"]
[Site "Prichovice u Korenova"]
[Date "2019.10.28"]
[Round "3"]
[White "Ocelak, Jakub"]
[Black "Ruzicka, Filip"]
[Result "1/2-1/2"]
[WhiteElo "1870"]
[BlackElo "1792"]
[EventDate "2019.10.26"]

1. d4  Nf6  2. c4  g6
3. g3  Bg7  4. Bg2
O-O  5. Nc3  d6
6. Nf3  Nbd7  7. O-O  e5
8. h3  exd4  9. Nxd4
Nc5  10. e4  Re8
11. Re1  a5  12. Ndb5
Bd7  13. Bf4  Bxb5
14. cxb5  Nfd7  15. Qc2
Ne6  16. Be3  Ndc5
17. Rad1  Rc8  18. f4
Qe7  19. Nd5  Qd8
20. f5  c6  21. Nf4
Nxf4  22. gxf4  cxb5
23. e5  Qh4  24. fxg6 hxg6
25. Qd2  dxe5  26. Bf2
Qf6  27. Qxa5  Qxf4
28. Qxb5  Qa4  29. Qxa4
Nxa4  30. Bxb7  Rc7
31. Bd5  Nxb2  32. Rd2
Na4  33. Bb3  Nc3
34. Rd6  Bf8  35. Rxg6+
Kh7  36. Rg5  f6
37. Rg4  Rg7  38. Bc2+
e4  39. Bd4  Rxg4+
40. hxg4  Nxa2  41. Rxe4
Rxe4  42. Bxe4+  Kg7
43. g5  Be7  44. Kg2
Nb4  45. Kh3  Na6
46. Kg4  Nc7  47. Kf5
Nb5  48. gxf6+  Bxf6
49. Bxf6+  Kf8  50. Bd5
Nc7  51. Bc4  Ne8
52. Be5  Ke7  53. Bb3
Nd6+  54. Kf4  Nf7
55. Bc3  Nd8  56. Kf5
Nc6  57. Ba4  Kd6
58. Bxc6  1/2-1/2

[Event "Mistrovstvi Cech 2019 - HD16"]
[Site "Prichovice u Korenova"]
[Date "2019.10.28"]
[Round "3"]
[White "Pors, Jaroslav"]
[Black "Kulhanek, Jachym"]
[Result "1/2-1/2"]
[WhiteElo "1850"]
[BlackElo "1777"]
[EventDate "2019.10.26"]

1. d4  Nf6  2. c4  g6
3. Nc3  Bg7  4. e4
d6  5. Nf3  O-O
6. Be2  e5  7. d5  Nbd7
8. Bg5  h6  9. Bh4
g5  10. Bg3  Nh5
11. Nd2  Nxg3  12. fxg3
f5  13. exf5  Rxf5
14. Bf3  Rf8  15. O-O
Nc5  16. Nde4  Nxe4
17. Nxe4  Bf5  18. Qc2
Qe7  19. Be2  c6
20. Bd3  cxd5  21. cxd5
Kh8  22. Rac1  Rac8
23. Qd2  Rxc1  24. Rxc1
Rc8  25. Rxc8+  Bxc8
26. Qc2  Bf5 27. Nc3  e4
28. Bxe4  Bd4+  29. Kf1
Bg4  30. h3  Qf6+
31. Ke1  Bd7  32. Bf3
Qe5+  33. Kd1  Bf5
34. Qe2  Qxe2+  35. Kxe2
a6  36. Be4  Bxc3
37. Bxf5  Bxb2  38. Bc8
b6  39. Bxa6  Kg7
40. Kf3  Bf6  41. Ke4
Be5  42. g4  Kf6
43. a4  Bc3  44. Bc8
Be5  45. Bf5  Bc3
46. Kd3  Bb4  47. Kc4
Bc5  48. Kb5  Ke5
49. Kc6  Kf6  50. Kd7
Ke5  51. Kc6  Kf6
52. Be4  Kf7  53. Kd7
Bb4  54. g3  Bc5
55. h4  Bb4  56. h5
Bc5  57. Bg6+  Kf6
58. Ke8  Kg7  59. Bf5
Bb4  1/2-1/2

[Event "Mistrovstvi Cech 2019 - HD16"]
[Site "Prichovice u Korenova"]
[Date "2019.10.28"]
[Round "3"]
[White "Rokos, Filip"]
[Black "Pulpan, Ondrej"]
[Result "1-0"]
[WhiteElo "2065"]
[BlackElo "1624"]
[EventDate "2019.10.26"]

1. e4 c5 2. Nf3 Nc6 3. d4 cxd4 4. Nxd4 d6 5. Nc3 Nf6 6. Be3 g6 7. f3 Bg7 8. Qd2
d5 9. Nxc6 bxc6 10. O-O-O Be6 11. exd5 Nxd5 12. Bd4 O-O 13. Bxg7 Kxg7 14. Bc4 Nc7
15. Qf4 Qc8 16. h4 Bxc4 17. Qxc4 Qe6 18. Qf4 Nb5 19. Rhe1 Qf6 20. Qxf6+ exf6 21.
Na4 Rfe8 22. Rxe8 Rxe8 23. Rd7 Rc8 24. c4 Nc7 25. Nc5 f5 26. Nb7 Ne8 27. Nd8 1-0

[Event "Mistrovstvi Cech 2019 - HD16"]
[Site "Prichovice u Korenova"]
[Date "2019.10.28"]
[Round "3"]
[White "Muller, David"]
[Black "Voriskova, Anna"]
[Result "1/2-1/2"]
[WhiteElo "1481"]
[BlackElo "1960"]
[EventDate "2019.10.26"]

1. e4  c5  2. Nf3  Nc6
3. d4  cxd4  4. Nxd4
Nf6  5. Nc3  e5
6. Ndb5  d6  7. Bg5  a6
8. Na3  b5  9. Nd5
Be7  10. Nxe7  Nxe7
11. Qf3  Ng6  12. Rd1
Bb7  13. Bxf6  gxf6
14. Qd3  Qa5+  15. Qd2
Qxd2+  16. Rxd2  Ke7
17. f3  Nf4  18. g3
Ne6  19. Bh3  Rac8
20. c3  Rc5  21. Nc2
d5  22. exd5  Rxd5
23. Rxd5  Bxd5  24. Kf2
Ng5  25. Bg2  Bxa2
26. Nb4  Bc4  27. Nxa6
Rd8  28. Ke1  Rd3
29. f4  exf4  30. gxf4
Ne6  31. Bf1  Rd6
32. Bxc4  Rxa6  33. Bb3
Ra1+  34. Bd1  Nxf4
35. Kd2  Ra6  36. Rf1
Rd6+  37. Kc2  Ng2
38. Kc1  Ne3  39. Re1
Rxd1+  40. Rxd1  Nxd1
41. Kxd1  Ke6  42. Ke2
Ke5  43. Ke3  Kd5
44. b3  Ke5  45. Kf3
h6  46. h4  f5
47. h5  f4  48. c4  bxc4
49. bxc4  Kd4  50. Kxf4
Kxc4  51. Ke5  Kd3
52. Kf6  Ke4  53. Kg7
f5  54. Kxh6  f4
1/2-1/2

[Event "Mistrovstvi Cech 2019 - HD16"]
[Site "Prichovice u Korenova"]
[Date "2019.10.28"]
[Round "3"]
[White "Cibulka, Josef"]
[Black "Holub, Adam"]
[Result "1-0"]
[WhiteElo "1908"]
[BlackElo "1549"]
[EventDate "2019.10.26"]

1. e4  c6  2. d4  d5
3. Nc3  dxe4  4. Nxe4
Bf5  5. Ng3  Bg6
6. Nf3  Nd7  7. h4
h6  8. Bd3  Bxd3
9. Qxd3  Ngf6  10. O-O
e6  11. Rd1  Be7
12. Nf1  O-O  13. b3
Qb6  14. c4  Rfd8
15. Bf4  Nh5  16. Bh2
Ndf6  17. Ne3  g6
18. Ne5  Ng7  19. Nxg6
fxg6  20. Qxg6  Rf8
21. Be5  Rf7  22. Qxh6
Raf8  23. g4  Nd7
24. Bxg7  Rxg7  25. Qxe6+
Kh8  26. g5  Qd8
27. Nf5  Rxf5  28. Qxf5
Bxg5  29. Kf1  Bxh4
30. Ke2  Re7+  31. Kd2
Nf6  32. Kc1  Ne4
33. Rh1  Qxd4  34. Rxh4+
Kg8  35. Qg6+  Qg7
36. Qxg7+  Kxg7  37. f3
Nf2  38. Kb2  Nd3+
39. Kc3  Ne1  40. Re4
1-0

[Event "Mistrovstvi Cech 2019 - HD16"]
[Site "Prichovice u Korenova"]
[Date "2019.10.28"]
[Round "3"]
[White "Matejicek, Vojtech"]
[Black "Svejk, Martin"]
[Result "1/2-1/2"]
[WhiteElo "1455"]
[BlackElo "1858"]
[EventDate "2019.10.26"]

1. e4  c5  2. Nf3  d6
3. d4  cxd4  4. Nxd4
Nf6  5. Nc3  g6
6. Be3  Bg7  7. Bc4  O-O
8. Bb3  Nc6  9. f3
Bd7  10. Qd2  Na5
11. O-O-O  Rb8  12. g4
b5  13. h4  Nxb3+
14. cxb3  b4  15. Nce2
Qa5  16. Kb1  h5
17. gxh5  Nxh5  18. Rdg1
e5  19. Nc2  d5
20. Ng3  Nxg3  21. Rxg3  d4
22. Bg5  Qc5  23. h5
Rfc8  24. Ne1  Bb5
25. Nd3  Bxd3+  26. Qxd3
Qb5  27. Qxb5  Rxb5
28. h6  Bh8  29. h7+
Kg7  30. Rgh3 1/2-1/2

[Event "Mistrovstvi Cech 2019 - HD16"]
[Site "Prichovice u Korenova"]
[Date "2019.10.28"]
[Round "3"]
[White "Machacek, Jan"]
[Black "Nemec, Jachym"]
[Result "1/2-1/2"]
[WhiteElo "1453"]
[BlackElo "1845"]
[EventDate "2019.10.26"]

1. d4  Nf6  2. Bf4  g6
3. Nc3  d5  4. e3
c6  5. h4  Bg7
6. Be2  h5  7. Qd2  b5
8. f3  Nbd7  9. Nh3
Nb6  10. Ng5  a5
11. e4  dxe4  12. fxe4
b4  13. Nd1  Ng4
14. e5  f6  15. Bd3
O-O  16. Nf3  fxe5
17. Bxe5  Nxe5  18. dxe5
Bf5  19. Ne3  Bh6
20. Qe2  Bxd3  21. cxd3
Nd5  22. Nxd5  Qxd5
23. O-O  Rf4  24. Rac1
Rxh4  25. Nxh4  Qd4+
26. Rf2  Bxc1  27. Nxg6
Qg4  28. Nxe7+  Kg7
29. Rf3  Rf8  30. Nxc6
Bxb2  31. e6  Bd4+
32. Kf1  Rxf3+  33. Qxf3
Qxf3+  34. gxf3  Bc3
35. Nxa5  1/2-1/2

[Event "Mistrovstvi Cech 2019 - HD16"]
[Site "Prichovice u Korenova"]
[Date "2019.10.28"]
[Round "3"]
[White "Janouch, Jachym Stepan"]
[Black "Strnadova, Monika"]
[Result "1-0"]
[WhiteElo "1819"]
[BlackElo "1488"]
[PlyCount "35"]
[EventDate "2019.10.26"]

1. e4 c5 2. Nf3 Nc6 3. d4 cxd4 4. Nxd4 g6 5. Nc3 Bg7 6. Be3 Nf6 7. Nxc6 bxc6 8.
e5 Ng8 9. Bd4 c5 10. Bxc5 Bxe5 11. Qd5 Bxc3+ 12. bxc3 Qa5 13. O-O-O Qxc3 14.
Bd4 Qc6 15. Qxc6 dxc6 16. Bxh8 f6 17. Bc4 Nh6 18. Rhe1 1-0

[Event "Mistrovstvi Cech 2019 - HD16"]
[Site "Prichovice u Korenova"]
[Date "2019.10.28"]
[Round "3"]
[White "Huskova, Agata"]
[Black "Stastny, Jakub"]
[Result "0-1"]
[WhiteElo "1421"]
[BlackElo "1789"]
[PlyCount "78"]
[EventDate "2019.10.26"]

1. e4 c5 2. Nc3 Nc6 3. Bb5 Nd4 4. Nf3 Nxb5 5. Nxb5 a6 6. Nc3 g6 7. d4 Bg7 8.
Be3 cxd4 9. Bxd4 Nf6 10. O-O d6 11. Qd3 O-O 12. Nd1 b5 13. Nd2 Bb7 14. f3 Rc8
15. c3 Qc7 16. Nf2 Rfd8 17. Qe2 e5 18. Be3 d5 19. exd5 Nxd5 20. Bg5 f6 21. Bh4
Nf4 22. Qe3 Rd7 23. Nde4 f5 24. Ng3 Ne6 25. Ne2 f4 26. Nxf4 Nxf4 27. Ng4 Rd3
28. Qe1 Qd6 29. Rf2 h5 30. Ne3 Qc5 31. Nc2 Rd5 32. Nb4 Nd3 33. Nxd3 Rxd3 34.
Kh1 Qd5 35. Re2 Rc7 36. Qg3 Kh7 37. Rae1 Rd1 38. a3 Rxe1+ 39. Qxe1 Rd7 0-1

[Event "Mistrovstvi Cech 2019 - FIDE"]
[Site "?"]
[Date "2019.10.29"]
[Round "4.1"]
[White "Hurdzan, Tomas"]
[Black "Hlavacek, Tomas"]
[Result "1-0"]
[BlackElo "2157"]
[WhiteElo "2229"]
[LiveChessVersion "1.4.8"]

1. e4 {[%clk 1:30:53]} e5 {[%clk 1:30:52]} 2. Nf3 {[%clk 1:31:14]} Nc6
{[%clk 1:31:17]} 3. Bb5 {[%clk 1:31:00]} Nge7 {[%clk 1:31:30]} 4. O-O
{[%clk 1:26:14]} a6 {[%clk 1:28:37]} 5. Bc4 {[%clk 1:25:57]} Ng6 {[%clk 1:28:05]}
6. d4 {[%clk 1:22:46]} Be7 {[%clk 1:28:08]} 7. dxe5 {[%clk 1:18:35]} Ncxe5
{[%clk 1:25:38]} 8. Nxe5 {[%clk 1:18:58]} Nxe5 {[%clk 1:26:03]} 9. Be2
{[%clk 1:19:12]} d6 {[%clk 1:23:42]} 10. Nc3 {[%clk 1:19:18]} O-O
{[%clk 1:22:39]} 11. Nd5 {[%clk 1:12:05]} Re8 {[%clk 1:21:55]} 12. f4
{[%clk 1:08:42]} Nc6 {[%clk 1:21:41]} 13. Bd3 {[%clk 1:01:53]} Bf8
{[%clk 1:19:40]} 14. b3 {[%clk 1:01:25]} Ne7 {[%clk 1:16:56]} 15. c4
{[%clk 0:51:14]} Nxd5 {[%clk 1:11:13]} 16. cxd5 {[%clk 0:51:40]} Bd7
{[%clk 1:07:52]} 17. Bb2 {[%clk 0:50:15]} Bb5 {[%clk 1:05:49]} 18. Rc1
{[%clk 0:49:00]} Bxd3 {[%clk 1:03:37]} 19. Qxd3 {[%clk 0:49:16]} Qd7
{[%clk 1:01:37]} 20. Rc4 {[%clk 0:41:49]} c5 {[%clk 0:50:10]} 21. dxc6
{[%clk 0:42:01]} bxc6 {[%clk 0:50:38]} 22. Rd1 {[%clk 0:39:38]} Qb7
{[%clk 0:45:41]} 23. Ra4 {[%clk 0:33:15]} Qb5 {[%clk 0:40:51]} 24. h3
{[%clk 0:28:41]} h6 {[%clk 0:37:47]} 25. Kh1 {[%clk 0:28:43]} c5 {[%clk 0:37:06]}
26. Rc4 {[%clk 0:27:12]} Ra7 {[%clk 0:35:46]} 27. Qf3 {[%clk 0:25:07]} a5
{[%clk 0:31:25]} 28. Ra4 {[%clk 0:24:42]} Rc8 {[%clk 0:29:43]} 29. Rd5
{[%clk 0:23:38]} Qb7 {[%clk 0:24:10]} 30. Qd3 {[%clk 0:24:04]} Qa6
{[%clk 0:22:51]} 31. Qxa6 {[%clk 0:23:30]} Rxa6 {[%clk 0:23:20]} 32. Bc3
{[%clk 0:23:46]} Rca8 {[%clk 0:23:32]} 33. Kg1 {[%clk 0:21:37]} f6
{[%clk 0:21:35]} 34. Kf2 {[%clk 0:19:57]} Kf7 {[%clk 0:21:55]} 35. f5
{[%clk 0:19:56]} Ke7 {[%clk 0:21:09]} 36. Ke3 {[%clk 0:18:40]} Kd7
{[%clk 0:21:13]} 37. g4 {[%clk 0:17:15]} Kc6 {[%clk 0:18:48]} 38. h4
{[%clk 0:17:36]} Be7 {[%clk 0:18:05]} 39. Kd3 {[%clk 0:15:29]} Kb5
{[%clk 0:17:12]} 40. Bd2 {[%clk 0:15:01]} Rg8 {[%clk 0:15:06]} 41. Ke2
{[%clk 0:14:05]} Raa8 {[%clk 0:13:06]} 42. Bf4 {[%clk 0:14:11]} Kc6
{[%clk 0:12:23]} 43. Rd1 {[%clk 0:13:55]} Rgb8 {[%clk 0:12:10]} 44. Bd2
{[%clk 0:13:38]} Kb5 {[%clk 0:12:33]} 45. Bc3 {[%clk 0:13:53]} Rg8
{[%clk 0:12:18]} 46. Kf3 {[%clk 0:13:58]} Ra6 {[%clk 0:11:17]} 47. Be1
{[%clk 0:12:30]} Bd8 {[%clk 0:11:22]} 48. Bd2 {[%clk 0:11:39]} Be7
{[%clk 0:10:51]} 49. Rg1 {[%clk 0:11:20]} Raa8 {[%clk 0:10:25]} 50. g5
{[%clk 0:08:44]} hxg5 {[%clk 0:10:24]} 51. hxg5 {[%clk 0:09:13]} fxg5
{[%clk 0:10:03]} 52. Bxg5 {[%clk 0:09:11]} Bxg5 {[%clk 0:10:30]} 53. Rxg5
{[%clk 0:09:37]} Raf8 {[%clk 0:09:53]} 54. Kg4 {[%clk 0:08:20]} Rf6
{[%clk 0:09:39]} 55. Rc4 {[%clk 0:08:02]} Rh6 {[%clk 0:09:10]} 56. Rc2
{[%clk 0:06:30]} a4 {[%clk 0:05:35]} 57. bxa4+ {[%clk 0:06:56]} Kxa4
{[%clk 0:06:04]} 58. e5 {[%clk 0:06:56]} dxe5 {[%clk 0:05:48]} 59. Rxc5
{[%clk 0:07:18]} Re8 {[%clk 0:05:32]} 60. Rxg7 {[%clk 0:07:07]} e4
{[%clk 0:05:19]} 61. Rc2 {[%clk 0:06:15]} e3 {[%clk 0:04:46]} 62. Re2
{[%clk 0:06:33]} Rf6 {[%clk 0:04:21]} 63. Kf4 {[%clk 0:03:47]} Kb4
{[%clk 0:02:01]} 64. Rg3 {[%clk 0:02:47]} Ref8 {[%clk 0:01:38]} 65. Rg5
{[%clk 0:03:12]} Kc5 {[%clk 0:01:49]} 66. Rxe3 {[%clk 0:03:32]} Kd4
{[%clk 0:01:58]} 67. Re4+ {[%clk 0:03:34]} Kd5 {[%clk 0:02:21]} 68. Re5+
{[%clk 0:03:55]} Kd4 {[%clk 0:02:13]} 69. Rg1 {[%clk 0:04:07]} Ra6
{[%clk 0:02:03]} 70. Rd1+ {[%clk 0:04:28]} Kc4 {[%clk 0:02:28]} 71. a4
{[%clk 0:03:53]} Rf7 {[%clk 0:01:17]} 72. a5 {[%clk 0:04:16]} Rf8
{[%clk 0:01:39]} 73. Rc1+ {[%clk 0:04:07]} Kd4 {[%clk 0:02:01]} 74. Rcc5
{[%clk 0:03:47]} Rd6 {[%clk 0:01:57]} 75. a6 {[%clk 0:02:46]} Ra8
{[%clk 0:02:12]} 76. Ra5 {[%clk 0:03:02]} Ra7 {[%clk 0:01:28]} 77. Re6
{[%clk 0:02:13]} Rd8 {[%clk 0:01:36]} 78. f6 {[%clk 0:02:16]} Rh8
{[%clk 0:01:43]} 79. Re7 {[%clk 0:01:57]} Raa8 {[%clk 0:01:55]} 80. Rd7+
{[%clk 0:01:31]} Kc4 {[%clk 0:02:14]} 81. a7 {[%clk 0:01:39]} Rh1
{[%clk 0:01:13]} 82. f7 {[%clk 0:01:36]} Rf1+ {[%clk 0:00:45]} 83. Ke5
{[%clk 0:02:01]} Kb4 {[%clk 0:00:58]} 84. Rad5 {[%clk 0:01:40]} Kc4
{[%clk 0:00:49]} 85. Rd4+ {[%clk 0:01:50]} Kc5 {[%clk 0:01:11]} 86. Rf4
{[%clk 0:01:57]} Re1+ {[%clk 0:01:09]} 87. Re4 {[%clk 0:02:22]} Rf1
{[%clk 0:01:33]} 88. Rb7 {[%clk 0:01:36]} Kc6 {[%clk 0:01:44]} 89. Rb8
{[%clk 0:01:42]} Rxa7 {[%clk 0:01:37]} 90. f8=Q {[%clk 0:01:10]} Re7+
{[%clk 0:00:33]} 91. Qxe7 {[%clk 0:01:27]} 1-0

[Event "Mistrovstvi Cech 2019 - FIDE"]
[Site "?"]
[Date "2019.10.29"]
[Round "4.2"]
[White "Stanek, Ondrej"]
[Black "Flajsman, Pavel"]
[Result "0-1"]
[BlackElo "1887"]
[WhiteElo "2063"]
[LiveChessVersion "1.4.8"]

1. b3 e5 2. Bb2 d6 3. e3 Nf6 4. c4 g6 5. Be2 Bg7 6. d4 e4 7. d5 O-O 8. h4 h5 9.
Nh3 Re8 10. Nc3 a5 11. Qc2 Na6 12. Nb5 Ng4 13. Bxg7 Kxg7 14. Nf4 Qf6 15. Qc3
Qxc3+ 16. Nxc3 Bd7 17. Bxg4 Bxg4 18. Kd2 Bd7 19. Nfe2 a4 20. Rhb1 Nc5 21. b4 Nd3
22. f3 Ne5 23. Nxe4 Nxc4+ 24. Kd3 Na3 25. Re1 Bb5+ 26. Kc3 f5 27. Nf2 Rxe3+ 28.
Kd2 Nc4+ 29. Kc2 Rae8 0-1